000
00464nam a22001457a 4500
020
_a
0070577129
082
_a
330
100
_a
Dillon Sanders
245
_a
Instructors resource guide to accompany schiller the economy today
250
_a
7th ed
260
_a
New York
_b
The McGraw-Hill
_c
1997
300
_a
462p
942
_c
BK
999
_c
3217
_d
3217